Statystyki dla Zdrobnienie imienia męskiego kończące się na „-rek”.

Kliknij tutaj aby rozwiązać quiz!

Ogólne statystyki

  • Ten quiz został rozwiązany 194 razy
  • Średni wynik to 3 z 12

Statystyki odpowiedzi

Odpowiedź% Poprawnych
Arek
73%
Darek
70%
Mirek
45%
Kacperek
17%
Wiktorek
12%
Arturek
9%
Oskarek
9%
Oliwierek
8%
Sławomirek
7%
Izydorek
3%
Ksawierek
3%
Teodorek
3%

Rozkład punktacji

Percentyl według liczby udzielonych odpowiedzi

Procent ludzi z każdym wynikiem

Twoja historia wyników

Nie rozwiązałeś tego quizu